[Event "24th Dubai Open A 2024"]
[Site "Dubai UAE"]
[Date "2024.05.28"]
[Round "4.22"]
[White "Ezat, Mohamed"]
[Black "Stella, Andrea"]
[Result "1/2-1/2"]
[WhiteTitle "IM"]
[BlackTitle "GM"]
[WhiteElo "2340"]
[BlackElo "2397"]
[WhiteFideId "10600906"]
[BlackFideId "827061"]
[EventDate "2024.05.25"]

1. d4 Nf6 2. Nf3 d5 3. e3 c5 4. b3 cxd4 5. exd4 e6 6. Bd3 Nc6 7. O-O Be7 8. Nbd2
O-O 9. a3 b6 10. Bb2 Bb7 11. Re1 Rc8 12. Re3 Ng4 13. Re2 Nf6 14. g3 a6 15. Qf1
Re8 16. Qh3 g6 17. Rae1 Bf8 18. Ng5 h6 19. Ngf3 Bg7 20. Nh4 Rc7 21. f4 Ne4 22.
Nhf3 Nc5 23. dxc5 Bxb2 24. Qxh6 Bg7 25. Qh3 Nd4 26. Nxd4 Bxd4+ 27. Kf1 bxc5 28.
Nf3 Bf6 29. f5 c4 30. fxe6 Kg7 31. bxc4 dxc4 32. Be4 Rxe6 33. Bxb7 Rxe2 34. Rxe2
Rxb7 35. Qg4 Qd6 36. a4 Qc6 37. Qe4 Rb1+ 38. Kg2 Qxa4 39. Ne5 Qe8 40. Qf4 Bxe5
41. Rxe5 Qc6+ 42. Qe4 Qf6 43. Qe2 Rb5 44. Re4 c3 45. Qd3 Rf5 46. Re3 Rf2+ 47.
Kg1 a5 48. Qxc3 Qxc3 49. Rxc3 Rd2 50. Rc5 a4 51. Ra5 Rxc2 1/2-1/2

[Event "24th Dubai Open A 2024"]
[Site "Dubai UAE"]
[Date "2024.05.28"]
[Round "4.24"]
[White "Zhu, Jiner"]
[Black "Khripachenko, Alexander"]
[Result "1-0"]
[WhiteTitle "GM"]
[BlackTitle "FM"]
[WhiteElo "2476"]
[BlackElo "2371"]
[WhiteFideId "8608059"]
[BlackFideId "54184975"]
[EventDate "2024.05.25"]

1. e4 c5 2. Nf3 d6 3. d4 cxd4 4. Nxd4 Nf6 5. Nc3 a6 6. Bc4 e6 7. Bb3 Be7 8. g4
h6 9. Qe2 Nc6 10. Nxc6 bxc6 11. Be3 d5 12. O-O-O Qc7 13. h4 Bb7 14. g5 Nd7 15.
gxh6 gxh6 16. exd5 cxd5 17. Bd4 Rg8 18. Rhe1 Nc5 19. Bxc5 Qxc5 20. Bxd5 Bxd5 21.
Nxd5 exd5 22. Rxd5 Qb4 23. Rd4 Qc5 24. b4 Qc7 25. Re4 Kf8 26. Rxe7 Qf4+ 27. Qe3
Rg4 28. Re4 1-0

[Event "24th Dubai Open A 2024"]
[Site "Dubai UAE"]
[Date "2024.05.28"]
[Round "4.26"]
[White "Goh, Zi Han"]
[Black "Injac, Teodora"]
[Result "1-0"]
[WhiteTitle "FM"]
[BlackTitle "IM"]
[WhiteElo "2306"]
[BlackElo "2422"]
[WhiteFideId "5819156"]
[BlackFideId "932400"]
[EventDate "2024.05.25"]

1. d4 Nf6 2. c4 e6 3. g3 Bb4+ 4. Bd2 a5 5. Bg2 O-O 6. Nf3 b6 7. O-O Bb7 8. Qc2
c5 9. Rd1 cxd4 10. Bxb4 axb4 11. Nxd4 Bxg2 12. Kxg2 d5 13. Nf3 Qc7 14. Nbd2 Rc8
15. Qb3 Nc6 16. cxd5 exd5 17. Nf1 Ra5 18. Ne3 Rd8 19. Nd4 Rda8 20. Nxc6 Qxc6 21.
Rd4 g6 22. Kg1 Qc5 23. Rad1 Rxa2 24. Nxd5 Nxd5 25. Rxd5 Qe7 26. Rd7 Qf6 27. R1d6
Rxb2 28. Qd5 Qf5 29. Qxa8+ Kg7 30. Qf3 1-0

[Event "24th Dubai Open A 2024"]
[Site "Dubai UAE"]
[Date "2024.05.28"]
[Round "4.27"]
[White "Celik, Hasan Huseyin"]
[Black "Ahmad, Khagan"]
[Result "1/2-1/2"]
[WhiteTitle "IM"]
[BlackTitle "FM"]
[WhiteElo "2421"]
[BlackElo "2375"]
[WhiteFideId "44506759"]
[BlackFideId "13431552"]
[EventDate "2024.05.25"]

1. c4 e6 2. Nc3 Bb4 3. Qc2 d5 4. a3 Bxc3 5. Qxc3 Nf6 6. Nf3 O-O 7. d3 Nc6 8. e3
dxc4 9. Qxc4 e5 10. b4 Be6 11. Qc2 Qd5 12. Bb2 Bg4 13. Be2 Rfd8 14. h3 Bh5 15.
e4 Qb5 16. d4 Qb6 17. dxe5 Bxf3 18. Bxf3 Nd7 19. e6 fxe6 20. Bg4 e5 21. O-O Nf6
22. Rad1 Nxg4 23. hxg4 a5 24. bxa5 Qb5 25. a4 Qxa5 26. Qb3+ Kh8 27. Rxd8+ Rxd8
28. Qxb7 Nd4 29. Kh2 h6 30. Bc1 Rf8 31. Be3 Nc2 32. Qa7 Ra8 33. Qxa5 Rxa5 34.
Bd2 Rxa4 35. Rc1 Rc4 36. f3 Kg8 37. Kg3 Kf7 38. Kf2 c6 39. Ke2 Nd4+ 40. Kd3 Ra4
41. Bc3 Ra3 42. Ra1 Rxa1 43. Bxa1 c5 44. Kc4 Ke6 45. Bc3 Kd6 46. Ba5 Nc2 47. Bd2
Na3+ 48. Kb3 Nb5 49. Be3 Kc6 50. g5 h5 51. g6 Nd4+ 52. Kc4 Ne6 53. g3 Nf8 54.
Bxc5 Nxg6 55. Bf2 Nf8 56. Be3 Ne6 57. Kd3 g5 58. Bf2 Kb5 59. Be1 Nc5+ 60. Ke3
Kc4 61. f4 1/2-1/2

[Event "24th Dubai Open A 2024"]
[Site "Dubai UAE"]
[Date "2024.05.28"]
[Round "4.28"]
[White "Poormosavi, Seyed Kian"]
[Black "Hossain, Enamul"]
[Result "1/2-1/2"]
[WhiteTitle "IM"]
[BlackTitle "GM"]
[WhiteElo "2388"]
[BlackElo "2365"]
[WhiteFideId "12585807"]
[BlackFideId "10200649"]
[EventDate "2024.05.25"]

1. Nf3 d5 2. g3 b6 3. Bg2 Bb7 4. O-O e6 5. b3 Nf6 6. Bb2 c5 7. e3 Be7 8. d4 O-O
9. Nbd2 cxd4 10. Nxd4 Nc6 11. c4 Rc8 12. Qe2 Nxd4 13. Bxd4 Qc7 14. Rac1 Rfd8 15.
Rfd1 Qb8 16. Bb2 h6 17. cxd5 Rxc1 18. Rxc1 Bxd5 19. e4 Bb7 20. Nc4 Qa8 21. f3
Nd7 22. Rd1 Nc5 23. Bf1 Na6 24. a3 Qc8 25. b4 Nb8 26. Rxd8+ Qxd8 27. Qd3 Qxd3
28. Bxd3 Ba6 29. Kf2 Bf6 30. e5 Be7 31. Ke3 Kf8 32. f4 h5 33. Bc3 g6 34. h3 Nc6
35. g4 hxg4 36. hxg4 Bxc4 37. Bxc4 a5 38. b5 Bc5+ 39. Ke4 Nb8 40. f5 gxf5+ 41.
gxf5 exf5+ 42. Kd5 Bxa3 43. e6 Ke7 44. exf7 Kxf7 45. Bd3 1/2-1/2

[Event "24th Dubai Open A 2024"]
[Site "Dubai UAE"]
[Date "2024.05.28"]
[Round "4.29"]
[White "Ahmad, Al Khatib"]
[Black "Khalifa Essa, Albalooshi"]
[Result "1-0"]
[WhiteTitle "GM"]
[WhiteElo "2380"]
[BlackElo "2135"]
[WhiteFideId "8103178"]
[BlackFideId "9315853"]
[EventDate "2024.05.25"]

1. e4 e5 2. Nf3 Nc6 3. Nc3 Nf6 4. Bb5 Nd4 5. O-O c6 6. Bd3 d6 7. Nxd4 exd4 8.
Ne2 c5 9. c3 dxc3 10. bxc3 d5 11. exd5 Qxd5 12. Bb5+ Bd7 13. c4 Qd6 14. d4 Bxb5
15. cxb5 Qd7 16. Re1 Be7 17. Ba3 O-O 18. dxc5 Qxd1 19. Raxd1 Rac8 20. Rc1 Ne4
21. Ng3 Bxc5 22. Bxc5 Nxc5 23. Nf5 Rc7 24. Re7 Rfc8 25. Nd6 Ne6 26. Rcxc7 Rxc7
27. Re8+ Nf8 28. g3 f6 29. Ra8 Rd7 30. Nc8 Kf7 31. Rxa7 Ne6 32. Rxb7 Rxb7 33.
Nd6+ Ke7 34. Nxb7 Kd7 35. Na5 Nd4 36. b6 Ne2+ 37. Kg2 Nc3 38. a3 Nb5 39. Nc4 Nc3
40. Kf3 Kc6 41. Ke3 Na4 42. Kd4 Nc5 43. f3 Na4 44. h4 Nc5 45. g4 h6 46. h5 Ne6+
47. Ke4 Ng5+ 48. Kf4 Ne6+ 49. Kf5 Nd4+ 50. Ke4 Ne6 51. a4 Ng5+ 52. Kf4 Ne6+ 53.
Kf5 Nd4+ 54. Ke4 1-0

[Event "24th Dubai Open A 2024"]
[Site "Dubai UAE"]
[Date "2024.05.28"]
[Round "4.30"]
[White "Manon, Reja Neer"]
[Black "Mendes Aaron Reeve"]
[Result "1-0"]
[WhiteTitle "FM"]
[BlackTitle "FM"]
[WhiteElo "2423"]
[BlackElo "2306"]
[WhiteFideId "10224009"]
[BlackFideId "25954938"]
[EventDate "2024.05.25"]

1. e4 c5 2. Nf3 d6 3. d4 cxd4 4. Nxd4 Nf6 5. Nc3 a6 6. Be3 e5 7. Nb3 Be7 8. f3
Be6 9. Qd2 h5 10. Nd5 Bxd5 11. exd5 Nbd7 12. a4 h4 13. a5 e4 14. f4 Nc5 15. Nc1
Ng4 16. Bd4 O-O 17. Ra3 Bf6 18. Be2 Nh6 19. b4 Nd7 20. g4 hxg3 21. hxg3 Bxd4 22.
Qxd4 f5 23. Nb3 Nf6 24. Qd1 Nfg4 25. Nd4 Qf6 26. Rh5 g6 27. Rh4 Rac8 28. c4 Rf7
29. Ne6 Rxc4 30. Bxc4 Qb2 31. Qb3 Qg2 32. Qa2 Qg1+ 33. Bf1 Ne3 34. Qf2 Qxf2+ 35.
Kxf2 Nhg4+ 36. Kg1 Nxd5 37. Rxg4 fxg4 38. Bc4 Nxb4 39. Ng5 d5 40. Nxf7 Kxf7 41.
Rb3 dxc4 42. Rxb4 Ke6 43. Rxc4 Kd5 44. Rc7 e3 45. Rxb7 Ke4 46. Rb6 Kf3 47. Rxg6
e2 48. Re6 e1=Q+ 49. Rxe1 Kxg3 50. f5 Kh3 51. f6 g3 52. f7 g2 53. Re4 Kg3 54.
f8=R Kh3 55. Rf3# 1-0

[Event "24th Dubai Open A 2024"]
[Site "Dubai UAE"]
[Date "2024.05.28"]
[Round "4.31"]
[White "Beydullayeva, Govhar"]
[Black "Zherebtsova, Alexandra"]
[Result "1-0"]
[WhiteTitle "WGM"]
[BlackTitle "FM"]
[WhiteElo "2411"]
[BlackElo "2302"]
[WhiteFideId "13413015"]
[BlackFideId "24129518"]
[EventDate "2024.05.25"]

1. d4 Nf6 2. c4 e6 3. Nc3 d5 4. cxd5 exd5 5. Bg5 c6 6. e3 Bd6 7. Bd3 O-O 8. Nf3
Re8 9. O-O Bg4 10. Qb3 b6 11. Ne2 Nbd7 12. Qc2 Qc7 13. Bf4 c5 14. dxc5 Bxf4 15.
Nxf4 Bxf3 16. gxf3 bxc5 17. Rac1 d4 18. Ng2 Qb7 19. f4 Rab8 20. b3 Qf3 21. Rce1
Qh3 22. Bf5 Ng4 23. Bxg4 Qxg4 24. f3 Qh3 25. e4 Rb6 26. Qf2 Rg6 27. f5 Ra6 28.
Nf4 Qh6 29. Nd3 Qb6 30. Rc1 Qb5 31. Qc2 g6 32. fxg6 hxg6 33. Rf2 Rf6 34. Qd2 Kg7
35. Qc2 Kg8 36. Qc4 Qxc4 37. Rxc4 Ne5 38. Nxe5 Rxe5 39. Ra4 a6 40. Kf1 Rd6 41.
Ke2 f5 42. Kd3 Rf6 43. exf5 Rexf5 44. f4 Re6 45. Rf3 Kf7 46. h4 Rh5 47. Rc4 Ke7
48. f5 gxf5 49. Rxc5 Rxh4 50. Rcxf5 Rhe4 51. Rf7+ Kd6 52. Ra7 Kc5 53. Rf5+ Kb6
54. Raf7 Re2 55. a4 R2e3+ 56. Kc4 Rc3+ 57. Kd5 Rec6 58. Kxd4 a5 59. Rb5+ Ka6 60.
Rff5 Rh3 61. Rxa5+ Kb7 62. Rab5+ Ka7 63. Rfc5 Rd6+ 64. Rd5 Rc6 65. Ra5+ Kb6 66.
Rdb5+ Kc7 67. Ra7+ Kd6 68. Rd5+ Ke6 69. Re5+ Kf6 70. Rb5 Rh4+ 71. Kd5 Re6 72.
Kc5 Ree4 73. Kb6 Ke6 74. Ka5 Kd6 75. Ra6+ Kc7 76. Rc5+ Kb7 77. Rb6+ Ka7 78. Rc7+
Ka8 79. Rg6 Kb8 80. Rf7 Re8 81. b4 Rhe4 82. b5 Ka8 83. Rgf6 Rg4 84. Rf4 Rg6 85.
Rf8 Rxf8 86. Rxf8+ Kb7 87. Rf7+ Kb8 88. b6 Rg5+ 89. Ka6 Rg8 90. a5 Rh8 91. Re7
Rg8 92. Re5 Rh8 93. Kb5 Rg8 94. a6 Ka8 95. Re6 Rg5+ 96. Kc6 Rg8 97. Kd7 1-0

[Event "24th Dubai Open A 2024"]
[Site "Dubai UAE"]
[Date "2024.05.28"]
[Round "4.32"]
[White "Rayes, Abdul Kader"]
[Black "Lee, Junhyeok"]
[Result "1-0"]
[BlackTitle "IM"]
[WhiteElo "2067"]
[BlackElo "2381"]
[WhiteFideId "7600801"]
[BlackFideId "13202340"]
[EventDate "2024.05.25"]

1. d4 f5 2. c4 Nf6 3. Nc3 d6 4. g3 g6 5. Bg2 Bg7 6. Nh3 O-O 7. d5 Na6 8. Rb1 Nc5
9. Nf4 a5 10. Be3 e5 11. dxe6 Nxe6 12. Nxe6 Bxe6 13. b3 c6 14. O-O Qe7 15. Qd2
Ng4 16. Bd4 Bh6 17. e3 Bf7 18. h3 Nf6 19. Rfd1 Rfe8 20. Rbc1 Bf8 21. Qb2 Nd7 22.
e4 Nc5 23. exf5 gxf5 24. Qd2 Bg6 25. Re1 Qf7 26. Nd5 Bg7 27. Bxg7 Qxg7 28. Nf4
Qc7 29. Qd4 Bf7 30. Qf6 Re5 31. Red1 Rd8 32. Qg5+ Kf8 33. Qh6+ Kg8 34. Rd2 Ne4
35. Rd3 Qe7 36. Rcd1 Nf6 37. Kh2 a4 38. Rd4 axb3 39. axb3 Ne8 40. Bf3 Nf6 41.
Qh4 Kg7 42. R1d2 Ne8 43. Ng2 Qxh4 44. Nxh4 Ra8 45. Bd1 Bg6 46. Bc2 c5 47. R4d3
Ra2 48. Bd1 Ra1 49. Bf3 Re7 50. Rc3 Kf6 51. Ng2 Bf7 52. Nf4 Kg7 53. Rcd3 Ra3 54.
Bd5 Bg6 55. Be6 Nf6 56. Rxd6 Rxb3 57. Rd8 Rf3 58. Bc8 Ne4 59. R8d7 Rxf2+ 60.
Rxf2 Rxd7 61. Bxd7 Nxf2 62. Ne6+ Kf7 63. Nxc5 Ke7 64. Bb5 b6 65. Na4 Kd6 66.
Nxb6 Ne4 67. Na4 Bf7 68. Kg2 Kc7 69. Kf3 Nd2+ 70. Kf4 Nxc4 71. Bxc4 Bxc4 72.
Kxf5 Kd6 73. Kf6 Bd3 74. Nc3 Bc2 75. g4 Kd7 76. Nd5 Kd6 77. Ne3 Be4 78. g5 Kd7
79. h4 Kd6 80. h5 Bd3 81. h6 Be4 82. Nf5+ Bxf5 83. Kxf5 Ke7 84. g6 1-0

[Event "24th Dubai Open A 2024"]
[Site "Dubai UAE"]
[Date "2024.05.28"]
[Round "4.33"]
[White "Heinemann, Josefine"]
[Black "Xie, Felix"]
[Result "1-0"]
[WhiteTitle "WGM"]
[BlackTitle "FM"]
[WhiteElo "2303"]
[BlackElo "2359"]
[WhiteFideId "12900460"]
[BlackFideId "4308174"]
[EventDate "2024.05.25"]

1. e4 c5 2. Nf3 e6 3. d4 cxd4 4. Nxd4 Nf6 5. Nc3 Nc6 6. Nxc6 bxc6 7. e5 Nd5 8.
Ne4 Qc7 9. f4 Rb8 10. c4 Bb4+ 11. Ke2 O-O 12. a3 Be7 13. cxd5 cxd5 14. Nd6 f6
15. Nxc8 Rfxc8 16. exf6 Bxf6 17. Rb1 Kh8 18. Kf2 e5 19. g3 Qb6+ 20. Kg2 e4 21.
f5 d4 22. Bf4 d6 23. h4 Re8 24. Kh3 Qc5 25. Qg4 d3 26. Bg2 Rbd8 27. Rhe1 d5 28.
Qd1 Qc8 29. g4 h5 30. Rc1 Qd7 31. Rc7 hxg4+ 32. Qxg4 Qa4 33. Qh5+ Kg8 34. Qf7+
Kh8 35. Bh6 Qd4 36. Rg1 Rc8 37. Rgc1 Rcd8 38. R1c6 Re7 39. Rxe7 Bxe7 40. Qxe7
Ra8 41. f6 Rg8 42. fxg7+ Kh7 43. Bf4 1-0

[Event "24th Dubai Open A 2024"]
[Site "Dubai UAE"]
[Date "2024.05.28"]
[Round "4.34"]
[White "Laddha, Shubh Jayesh"]
[Black "Ali, Abdulaziz"]
[Result "1-0"]
[WhiteTitle "FM"]
[WhiteElo "2324"]
[BlackElo "1995"]
[WhiteFideId "30942799"]
[BlackFideId "9304347"]
[EventDate "2024.05.25"]

1. e4 e5 2. Nf3 Nc6 3. Bb5 a6 4. Ba4 Nf6 5. d3 b5 6. Bb3 Bc5 7. Nc3 h6 8. Nd5 d6
9. c3 Rb8 10. d4 Ba7 11. Be3 Ng4 12. O-O Nxe3 13. fxe3 O-O 14. Qe1 Na5 15. dxe5
c6 16. Nb4 Qe8 17. Qg3 Bxe3+ 18. Kh1 Bc5 19. Nd3 Qe7 20. exd6 Bxd6 21. e5 Bc7
22. Rae1 Nxb3 23. axb3 c5 24. Nf4 Be6 25. Re3 Rb6 26. Nh5 g6 27. Nh4 Qg5 28.
Nf6+ Kg7 29. Qe1 Bc8 30. Nf3 Qf5 31. Nd4 cxd4 32. Rxf5 dxe3 33. Rf1 Bxe5 34.
Qxe3 Bc7 35. Qd4 Rd8 36. Ne8+ Kf8 37. Qg7+ 1-0

[Event "24th Dubai Open A 2024"]
[Site "Dubai UAE"]
[Date "2024.05.29"]
[Round "5.1"]
[White "Sadhwani, Raunak"]
[Black "Muradli, Mahammad"]
[Result "0-1"]
[WhiteTitle "GM"]
[BlackTitle "GM"]
[WhiteElo "2654"]
[BlackElo "2560"]
[WhiteFideId "35093487"]
[BlackFideId "13409301"]
[EventDate "2024.05.25"]

1. e4 c5 2. Nf3 d6 3. d4 cxd4 4. Nxd4 Nf6 5. Nc3 a6 6. Bg5 e6 7. a3 Be7 8. Qf3
Bd7 9. O-O-O Nc6 10. Be2 Rc8 11. Qg3 O-O 12. h4 Kh8 13. f4 Qc7 14. Qe3 b5 15. g4
b4 16. axb4 Nxb4 17. Kb1 Rb8 18. Bxf6 Bxf6 19. g5 Be7 20. Bg4 Rfc8 21. Rh3 e5
22. Nf5 Be6 23. Qd2 Bf8 24. Nd5 Qa5 25. Nxb4 Rxb4 26. b3 Rcb8 27. Qc3 Qb6 28. h5
Rxe4 29. h6 g6 30. fxe5 gxf5 31. exd6+ Kg8 32. Bh5 Rc8 33. Bxf7+ Kxf7 34. Qf6+
Kg8 35. d7 Qd8 36. Rg3 Rb8 37. Qc3 Bf7 38. g6 Bxg6 39. Rd6 Bxh6 0-1

[Event "24th Dubai Open A 2024"]
[Site "Dubai UAE"]
[Date "2024.05.29"]
[Round "5.2"]
[White "Erdogmus, Yagiz Kaan"]
[Black "Sethuraman, S.P."]
[Result "1/2-1/2"]
[WhiteTitle "IM"]
[BlackTitle "GM"]
[WhiteElo "2553"]
[BlackElo "2588"]
[WhiteFideId "44599790"]
[BlackFideId "5021596"]
[EventDate "2024.05.25"]

1. d4 d5 2. c4 e6 3. Nf3 Nf6 4. Nc3 Be7 5. cxd5 exd5 6. Bf4 c6 7. e3 Nh5 8. Be5
Nd7 9. Bd3 Nxe5 10. dxe5 g6 11. O-O Bg4 12. Be2 Bxf3 13. Bxf3 Ng7 14. e4 d4 15.
Ne2 Ne6 16. Qd3 h5 17. g3 Qa5 18. Nf4 Qxe5 19. Nxe6 fxe6 20. Bg2 h4 21. f4 Qh5
22. g4 Qxg4 23. h3 Qh5 24. Qb3 Qc5 25. Rac1 Qb4 26. Qxe6 Qd6 27. Qb3 Qb4 28. Qe6
Qd6 29. Qb3 Qb4 30. Qe6 Qd6 31. Qb3 1/2-1/2

[Event "24th Dubai Open A 2024"]
[Site "Dubai UAE"]
[Date "2024.05.29"]
[Round "5.3"]
[White "Ivic, Velimir"]
[Black "Aronyak, Ghosh"]
[Result "1/2-1/2"]
[WhiteTitle "GM"]
[BlackTitle "IM"]
[WhiteElo "2595"]
[BlackElo "2528"]
[WhiteFideId "950122"]
[BlackFideId "25072846"]
[EventDate "2024.05.25"]

1. e4 c6 2. d4 d5 3. e5 Bf5 4. h4 h5 5. Nc3 e6 6. Bd3 Bxd3 7. cxd3 Ne7 8. Nf3
Nf5 9. Bg5 Qb6 10. Ne2 c5 11. O-O Nc6 12. Rb1 Rc8 13. dxc5 Bxc5 14. b4 Be7 15.
Bxe7 Ncxe7 16. Qd2 Ng6 17. g3 f6 18. Rbc1 O-O 19. exf6 gxf6 20. d4 Qd6 21. Rfe1
Kf7 22. Kh1 Rc4 23. Rxc4 dxc4 24. Nc3 Qc6 25. Re4 b5 26. d5 exd5 27. Nd4 Qd7 28.
Nxf5 Qxf5 29. Re3 Rd8 30. Qd4 Qh3+ 31. Kg1 Ne5 32. Nxb5 Rd7 33. Rxe5 fxe5 34.
Qxe5 Qg4 35. Nd4 c3 36. Qe3 c2 37. Nxc2 Qd1+ 38. Ne1 Re7 39. Qf4+ Ke8 40. Qb8+
Kf7 41. Qf4+ Kg8 42. Qg5+ Kf8 43. Qf4+ Ke8 44. Qb8+ Kf7 45. Qf4+ 1/2-1/2

[Event "24th Dubai Open A 2024"]
[Site "Dubai UAE"]
[Date "2024.05.29"]
[Round "5.4"]
[White "Durak, Can"]
[Black "Jumabayev, Rinat"]
[Result "1/2-1/2"]
[WhiteTitle "IM"]
[BlackTitle "GM"]
[WhiteElo "2434"]
[BlackElo "2595"]
[WhiteFideId "44552971"]
[BlackFideId "13702661"]
[EventDate "2024.05.25"]

1. d4 e6 2. c4 d5 3. Nc3 Bb4 4. Nf3 c5 5. e3 Nc6 6. Bd2 cxd4 7. Nxd4 Nge7 8.
Nxc6 bxc6 9. cxd5 exd5 10. Bd3 O-O 11. O-O Ng6 12. Ne2 Bd6 13. Ng3 c5 14. Qh5
Rb8 15. Rad1 Rxb2 16. Bc3 Rxa2 17. Qxd5 Be6 18. Qh5 Ra3 19. Ne4 Be7 20. Bc2 Qc7
21. Ra1 Rxa1 22. Rd1 Rb1 23. Rxb1 f6 24. Ra1 Bf7 25. Ng3 Re8 26. Nf5 Bf8 27. h4
Kh8 28. Qg4 Ne5 29. Qa4 1/2-1/2

[Event "24th Dubai Open A 2024"]
[Site "Dubai UAE"]
[Date "2024.05.29"]
[Round "5.5"]
[White "Can, Emre"]
[Black "Dai, Changren"]
[Result "1/2-1/2"]
[WhiteTitle "GM"]
[BlackTitle "GM"]
[WhiteElo "2549"]
[BlackElo "2510"]
[WhiteFideId "6302181"]
[BlackFideId "8608156"]
[EventDate "2024.05.25"]

1. e4 e5 2. Nf3 Nc6 3. Bb5 a6 4. Ba4 Nf6 5. O-O Be7 6. d3 b5 7. Bb3 d6 8. c3 O-O
9. h3 h6 10. Re1 Re8 11. Nbd2 Bf8 12. Nf1 Na5 13. Bc2 c5 14. Ng3 Bb7 15. d4 cxd4
16. cxd4 exd4 17. Nxd4 Qc7 18. Bf4 Nc4 19. Ndf5 Nxb2 20. Qd4 Qxc2 21. Rac1 Qa4
22. Qxb2 Bxe4 23. Nxh6+ gxh6 24. Qxf6 Bg7 25. Qxd6 Bg6 26. Rxe8+ Rxe8 27. Qd7
Rf8 28. Qd2 Kh7 29. h4 h5 30. Rc5 Qd4 31. Qxd4 Bxd4 32. Rd5 Bf6 33. Bg5 Bg7 34.
Bd8 Re8 35. f4 Bb1 36. a3 Ba2 37. Rxh5+ Kg8 38. Bb6 Re6 39. Bc5 Rc6 40. Bb4 Bd4+
41. Kh2 Be3 42. Rg5+ Rg6 43. Nh5 Rxg5 44. fxg5 Bd4 45. g4 Bb2 46. Kg3 a5 47.
Bxa5 Bxa3 48. Nf6+ Kf8 49. Bc7 Bb2 50. Bd6+ Kg7 51. Ne4 Bd5 52. Kf4 Bc1+ 53. Ke5
Be6 54. Nf6 Bb2+ 55. Kf4 Bxf6 56. gxf6+ Kxf6 57. Be5+ Kg6 58. Bc3 1/2-1/2

[Event "24th Dubai Open A 2024"]
[Site "Dubai UAE"]
[Date "2024.05.29"]
[Round "5.6"]
[White "Safarli, Eltaj"]
[Black "Iniyan, Pa"]
[Result "0-1"]
[WhiteTitle "GM"]
[BlackTitle "GM"]
[WhiteElo "2594"]
[BlackElo "2493"]
[WhiteFideId "13402129"]
[BlackFideId "25002767"]
[EventDate "2024.05.25"]

1. e4 c5 2. Nf3 d6 3. d4 cxd4 4. Nxd4 Nf6 5. Nc3 a6 6. Qd3 e6 7. Be2 b5 8. a3
Nbd7 9. O-O Bb7 10. Qg3 Rc8 11. Re1 g6 12. Qh3 h5 13. Bg5 Be7 14. Rad1 e5 15.
Nb3 Nxe4 16. Bxe7 Qxe7 17. Nxe4 Bxe4 18. Bg4 f5 19. Rxe4 fxe4 20. Nd2 Rf8 21.
Be6 Rxc2 22. Nxe4 Nc5 23. Bd5 Nxe4 24. Bxe4 Qf6 25. f4 Rc7 26. Qe3 exf4 27. Qb6
Kd7 28. Qxa6 Qe5 29. h4 f3 30. gxf3 Qg3+ 31. Kf1 Rxf3+ 32. Bxf3 Qxf3+ 33. Ke1
Qe3+ 34. Kf1 Qf3+ 35. Ke1 Qh1+ 36. Kd2 Qh2+ 37. Ke3 Qg3+ 38. Kd4 0-1

[Event "24th Dubai Open A 2024"]
[Site "Dubai UAE"]
[Date "2024.05.29"]
[Round "5.7"]
[White "Movahed, Sina"]
[Black "Mendonca, Leon Luke"]
[Result "1-0"]
[WhiteTitle "IM"]
[BlackTitle "GM"]
[WhiteElo "2463"]
[BlackElo "2640"]
[WhiteFideId "42520835"]
[BlackFideId "35028561"]
[EventDate "2024.05.25"]

1. e4 c5 2. Nf3 d6 3. d4 cxd4 4. Nxd4 Nf6 5. Nc3 a6 6. h3 e5 7. Nb3 Be6 8. f4 b5
9. a3 Be7 10. Bd3 O-O 11. O-O Nc6 12. Kh1 Nd7 13. a4 b4 14. Nd5 Bxd5 15. exd5
Na5 16. Bd2 Nxb3 17. cxb3 Qa5 18. Rc1 Bf6 19. Qe1 Rab8 20. Qe4 g6 21. Rc6 Nc5
22. Qc4 Qd8 23. f5 a5 24. Bh6 Bg7 25. Be3 e4 26. Bxc5 dxc5 27. Qxe4 Qg5 28. Qg4
Qd2 29. Bc4 Rbe8 30. f6 Bh6 31. Qd1 Qxb2 32. d6 Qe5 33. d7 Rd8 34. Qd6 Qxd6 35.
Rxd6 Be3 36. Re1 Bd4 37. g4 g5 38. Kg2 h6 39. Re7 1-0

[Event "24th Dubai Open A 2024"]
[Site "Dubai UAE"]
[Date "2024.05.29"]
[Round "5.8"]
[White "Sanikidze, Tornike"]
[Black "Vakhidov, Jakhongir"]
[Result "1/2-1/2"]
[WhiteTitle "GM"]
[BlackTitle "GM"]
[WhiteElo "2453"]
[BlackElo "2599"]
[WhiteFideId "13602608"]
[BlackFideId "14201801"]
[EventDate "2024.05.25"]

1. d4 Nf6 2. c4 g6 3. Nc3 d5 4. cxd5 Nxd5 5. e4 Nxc3 6. bxc3 Bg7 7. Qa4+ Nd7 8.
Nf3 O-O 9. Qa3 c5 10. h4 cxd4 11. cxd4 Nb6 12. Bg5 Re8 13. h5 Qd6 14. Qb2 Bg4
15. e5 Qd5 16. hxg6 hxg6 17. Be2 Rac8 18. Qd2 Qe4 19. Kf1 Nc4 20. Bxc4 Rxc4 21.
Re1 Qf5 22. Bh6 Bh5 23. Bxg7 Kxg7 24. Kg1 Rec8 25. d5 Rc2 26. Qe3 R8c3 27. Nd4
Qg4 28. Qe4 Rd2 29. Rh4 Qg5 30. d6 exd6 31. e6 d5 32. exf7 dxe4 33. Ne6+ Kxf7
34. Nxg5+ Kf8 35. Nxe4 Re2 36. Kf1 Rxe1+ 37. Kxe1 Rc1+ 38. Kd2 Rg1 39. g3 Kg7
40. Rf4 Rd1+ 41. Kc2 Rd5 42. g4 g5 43. Nxg5 Rxg5 44. gxh5 Rxh5 1/2-1/2

[Event "24th Dubai Open A 2024"]
[Site "Dubai UAE"]
[Date "2024.05.29"]
[Round "5.9"]
[White "Moroni, Luca Jr"]
[Black "Mammadzada, Gunay"]
[Result "1-0"]
[WhiteTitle "GM"]
[BlackTitle "IM"]
[WhiteElo "2580"]
[BlackElo "2436"]
[WhiteFideId "865834"]
[BlackFideId "13403729"]
[EventDate "2024.05.25"]

1. Nf3 d5 2. e3 Nf6 3. c4 e6 4. b3 c5 5. Bb2 Nc6 6. cxd5 exd5 7. Be2 Be7 8. O-O
O-O 9. d4 Ne4 10. dxc5 Bxc5 11. Nc3 Be6 12. Rc1 Bb6 13. Nb5 Re8 14. Nbd4 Bd7 15.
h3 Qf6 16. Ba1 Qh6 17. Nh2 Ng3 18. Re1 Rxe3 19. Rxc6 bxc6 20. fxg3 Rae8 21. Kh1
Ba5 22. Rf1 c5 23. Bh5 g6 24. Nc2 Qxh5 25. Nxe3 Rxe3 26. g4 Qh4 27. Qxd5 Qe7 28.
Nf3 Bb5 29. Rc1 Rd3 30. Bd4 cxd4 31. Qxb5 Qe4 32. Ng5 Qe3 33. Rf1 Bc7 34. Qc4
Kg7 35. Qxc7 1-0

[Event "24th Dubai Open A 2024"]
[Site "Dubai UAE"]
[Date "2024.05.29"]
[Round "5.10"]
[White "Li, Di"]
[Black "Dimakiling, Oliver"]
[Result "1-0"]
[WhiteTitle "GM"]
[BlackTitle "IM"]
[WhiteElo "2563"]
[BlackElo "2425"]
[WhiteFideId "8607508"]
[BlackFideId "5202248"]
[EventDate "2024.05.25"]

1. Nf3 Nf6 2. d4 b6 3. g3 Bb7 4. Bg2 c5 5. dxc5 bxc5 6. O-O g6 7. Re1 Bg7 8. e4
Qc8 9. e5 Nd5 10. c4 Nc7 11. Nc3 O-O 12. Be3 Ne6 13. Nd5 Nc6 14. Qd2 Re8 15. Bh6
Bh8 16. Rad1 Rb8 17. b3 Qd8 18. h4 d6 19. Nf4 Ned4 20. e6 Nxf3+ 21. Bxf3 Nd4 22.
Bxb7 Rxb7 23. Qd3 fxe6 24. Rxe6 Bf6 25. Rde1 Qc8 26. Qe4 d5 27. Qxd5 Nxe6 28.
Nxe6 Rd7 29. Qe4 Rd6 30. Bf4 Rc6 31. Qd5 Kh8 32. g4 Rb6 33. g5 Qc6 34. Nc7 Qxd5
35. Nxd5 Bd4 36. Nxb6 axb6 37. Re6 Kg8 38. a4 Kf7 39. Rxb6 Rd8 40. Kg2 e5 41.
Be3 e4 42. a5 Ke7 43. a6 Ra8 44. Bf4 Kd7 1-0